| 000 | 00718nam a2200265Ia 4500 | ||
|---|---|---|---|
| 003 | OSt | ||
| 005 | 20221007103832.0 | ||
| 006 | a|||||r|||| 00| 0 | ||
| 007 | ta | ||
| 008 | 221006b |||||||| |||| 00| 0 eng d | ||
| 024 | _a14,182 | ||
| 037 | _cTextual | ||
| 040 |
_aLCO _cLCO _beng |
||
| 041 |
_2eng _aeng |
||
| 082 | _aZ2,9598, K0 | ||
| 100 |
_aChaudhuri A.S. _9705608 |
||
| 245 | 0 | _aLaw of Writs and Fundamental Rights | |
| 250 | _a2nd | ||
| 260 |
_aAllahabad _bLaw Book Company India _c1960 |
||
| 300 | _a1117 | ||
| 490 | _vVol - 22 | ||
| 650 |
_aLAW OF WRITS AND FUNDAMENTALS RIGHTS _9705609 |
||
| 942 |
_hZ2,9598, K0 _cTEXL |
||
| 999 |
_c1183745 _d1183745 |
||